| 000 | 00952cam a22002174a 4500 | ||
|---|---|---|---|
| 005 | 20250605164208.0 | ||
| 008 | 250528s ||||||||||||||||||||||||d | ||
| 035 | _a20141 | ||
| 020 | _a724806512 | ||
| 040 |
_aGR-AtMCL _bgre _dGR-AtMCL _eAACR2 |
||
| 245 | 1 | _aIntroduction to Computer Based Accounting / With Applications for Apple II, TRS 80, Commodore Pet | |
| 260 |
_bPrentice Hall Of Australia, _c1948 |
||
| 300 | _a202 | ||
| 520 | _aThis book is a concise introduction to accounting using the microcomputer as a tool for the normal operations and calculations of accounting. Computers and Accounting, Program Design, Basic Programming, The Accounting Equation, Recording Accounting Information, Profit Determination, Inventories, Accounting for Non-Current Assets, Budgeting. | ||
| 700 | 1 |
_aBelcher Brian _96191 |
|
| 700 | 1 |
_aMiller Alan _91867 |
|
| 700 | 1 |
_aVan Lint Wennie _96192 |
|
| 942 | _cBK | ||
| 999 |
_c5280 _d5280 |
||